000 00978nmm a2200277 a 4500
001 ocm000891461
003 TR-IsHL
005 20201028144615.0
008 141121s2012 tu tur
007 cr cn
020 _a9786055249489
035 _a891461
_b(N$T)
050 0 4 _aPQ2161.G66
_bP3719 2012
090 0 4 _aPQ2161.G66
_bP3719 2012
100 1 _aBalzac, Henore de
245 1 0 _aParis
_h[electronic resource] /
_cHenore de Balzac ; çeviren Gül Kutluğ
260 _aİstanbul :
_bKafekültür Yayıncılık,
_c2012
300 _a115 p.
650 4 _aDil ve Edebiyat
650 4 _aLanguage and Literature
650 0 _aFransa
_x Sosyal yaşam ve gelenekler
_x 19. yüzyıl
_x Roman
650 0 _aFrance
_x Social life and customs
_x 19th century
_x Fiction
650 7 _aLITERARY CRITICISM / European / French
_2bisacsh
700 1 _aKutluğ, Gül
856 4 0 _uhttp://search.ebscohost.com/login.aspx?direct=true&scope=site&db=e011xww&AN=891461
999 _c9515
_d9515